000 00387nam a2200145Ia 4500
008 230917s9999||||xx |||||||||||||| ||und||
040 _e301
_aMAIN
041 _aEnglish
082 _a667.347 J633D
100 _aJohnson, Keith
245 0 _aDyeing of synthetic fibers recent developments
260 _aNew Jersey
_bNoyes Data Corporation
_c1974
300 _axi, 332 p.
942 _cBK
999 _c188599
_d188599